| 000 | 00589nam a2200193 u 4500 | ||
|---|---|---|---|
| 001 | 000055271 | ||
| 005 | 20200120223038.0 | ||
| 008 | 110301s1981 ag g fr 000 0 spa d | ||
| 041 | 0 | _a* spa | |
| 082 | 0 | 4 |
_a786.2 _bW65 _221 |
| 100 | 1 | _aWolff, B. | |
| 245 | 1 | 3 |
_aEl pequeño pischna : _bejercicios técnicos para piano / _cB. Wolff. |
| 250 | _a1a. ed. | ||
| 260 |
_aBuenos Aires : _bRicordi Americana, _c1981. |
||
| 300 | _a1 partitura (39 p.). | ||
| 650 | 1 | 4 |
_aMúsica para piano _vPartituras |
| 650 | 2 | 4 |
_aPiano _xEnseñanza _vPartituras |
| 650 | 2 | 4 |
_aPiano _xEstudios y ejercicios _vPartituras |
| 999 |
_c4834 _d4834 |
||